000 00730nas a2200241 4500
001 BR0505255
003 BR-BrBNA
005 20231205105707.0
007 ta
008 230509b bl.|||p| |||| 00| 00por d
040 _aBR-BrBNA
_bpor
_cBiblioteca Nacional de Agricultura
041 _a(Pt)
072 _aF70
100 1 _aBovini, M.G.
100 1 _aGiordano, L.C. da S.
245 1 _aLoasaceae Lindl., no Estado do Rio de Janeiro, Brasil
650 _aDICOTILEDONEA
650 _aDISTRIBUIÇÃO GEOGRÁFICA
650 _aRIO DE JANEIRO
773 0 _tActa Botanica Brasilica (Brazil)
_xISSN 0102-3306
_g(Apr-Jun 2005), v. 19(2) p. 265-271
_wBR0505255
909 _a202311
_bLúcia
_c55
_dLúcia Elande
942 _2AGRIS
_n0
_cANA
999 _c184193
_d184193